| 000 | 00474nam a2200205Ia 4500 | ||
|---|---|---|---|
| 008 | 220216s9999 xx 000 0 und d | ||
| 100 | _aNg E K | ||
| 245 | 0 | _aExploitation of young rubber: Preliminary results | |
| 260 |
_bPlanters Bulletin _c1965 |
||
| 300 | _a177-193 | ||
| 650 | _aBark consumption | ||
| 650 | _aGirth | ||
| 650 | _aRubber | ||
| 650 | _aYield | ||
| 700 | _aAbraham P D | ||
| 700 | _aGill D S | ||
| 700 | _ang T C | ||
| 700 | _aP | ||
| 942 | _cJS | ||
| 999 |
_c59141 _d59141 |
||